000 00661nam a2200193 i 4500
001 30208
003 ES-MaACL
005 20260213172532.0
007 t|
008 030124s1971 sp ||||1| cat d
100 1 _aBarral i Altet, Xavier.
_925844
245 1 4 _aEls mosaics medievals de Ripoll i de Cuixá /
_cXavier Barral i Altet ; presentació per Joan Ainaud de Lasarte.
260 _aPoblet :
_bAbadía de Poblet,
_c1971.
300 _a57 p., lám. 1-19 ;
_c25 cm.
700 1 _aAinaud de Lasarte, Joan,
_d1919-1995
_918980
710 2 _aMonasterio de Santa María de Poblet.
_95752
852 _aES-MaACL
_jC-41269
_bR.77040
999 _c30208
_d30208